Statistiques concernant Culture Générale - Série 694

Cliquez ici pour prendre le quiz!

Statistiques générales

  • Ce quiz a été pris 117 fois
  • Le résultat moyen est 6 sur 10

Statistiques - réponses

QuestionRéponse% Correct
Quel fruit peut être "golden" ou "granny-smith" ?pomme
100%
Quel sport de plein air est géré au niveau européen par l'U.E.F.A. et au niveau mondial par la F.I.F.A. ?football
99%
Hormis le lait et les oeufs, quel est l'ingrédient indispensable pour faire une pâte à crêpes ?farine
98%
Quel instrument à vent et à coulisse, a le même nom qu'une attache pour papiers ?trombone
89%
En 1959, le premier créateur de mode à sortir une collection de prêt-à-porter féminin était Pierre...Cardin
81%
Dans quel roman de 1818 Mary Shelley a-t-elle imaginé un monstre constitué d'un assemblage de morceaux de cadavres ?Frankenstein
55%
Quel est l'autre nom du football en salle ?futsal
50%
Complétez le titre du roman d'Emile Zola "La faute de l'abbé ...Mouret
29%
Quel fleuve du Languedoc est l"homonyme du nom d'un officier du Moyen Age, chargé de transmettre un message ?L'Hérault
22%
Quelle est la monnaie officielle du Laos ?kip
4%

Distribution des résultats

Percentile par nombre de réponses

% des personnes avec chaque résultat

Votre développement - résultats

Vous n’avez pas pris ce quiz